Statistics for All Countries of the World by Area, with map and hints as you go along

Click here to take the quiz!

General Stats

  • This quiz has been taken 13,555 times
  • The average score is 95 of 196

Answer Stats

Area Country % Correct
17.09 mRussia . C
99%
9.98 mCanada . C
99%
9.64 mChina . U..
98%
9.52 mUnited States . B
98%
8.51 mBrazil . A
98%
7.69 mAustralia . I
97%
3.16 mIndia . A
97%
2.78 mArgentina . K
96%
2.72 mKazakhstan . A
95%
2.38 mAlgeria . D..
94%
2.34 mDemocratic Republic of the Congo . S..
91%
1.96 mMexico . I
90%
2.14 mSaudi Arabia . M
90%
1.9 mIndonesia . S
88%
1.88 mSudan . L
88%
1.75 mLibya . I
87%
1.64 mIran . M
87%
1.56 mMongolia . P
87%
1.28 mPeru . C
87%
1.28 mChad . N
86%
1.26 mNiger . A
85%
1.22 mSouth Africa . C
84%
1.24 mMali . S..
84%
1.24 mAngola . M
84%
1.14 mColombia . E
83%
1.1 mEthiopia . B
83%
1.09 mBolivia . M
83%
1.03 mMauritania . E
82%
1 mEgypt . T
82%
881 kPakistan . N
81%
945 kTanzania . N
81%
923 kNigeria . V
81%
916 kVenezuela . P
81%
783 kTurkey . C
80%
801 kMozambique . T
80%
825 kNamibia . M
80%
756 kChile . Z
79%
752 kZambia . M
79%
676 kMyanmar . A
76%
652 kAfghanistan . F
76%
640 kFrance . S
76%
637 kSomalia . C..
76%
603 kUkraine . M
75%
622 kCentral African Republic . S..
74%
580 kKenya . Y
73%
527 kYemen . T
73%
582 kBotswana . K
73%
619 kSouth Sudan . U
73%
587 kMadagascar . B
73%
513 kThailand . S
72%
505 kSpain . T
72%
488 kTurkmenistan . C
71%
475 kCameroon . P..
70%
450 kSweden . U
70%
462 kPapua New Guinea . S
69%
447 kUzbekistan . M
69%
446 kMorocco . I
69%
438 kIraq . P
69%
357 kGermany . P
68%
390 kZimbabwe . J
68%
377 kJapan . G
68%
406 kParaguay . Z
67%
342 kPhilippines . R..
65%
338 kFinland . V
63%
331 kVietnam . M
63%
342 kRepublic of the Congo . F
61%
323 kNorway . C..
61%
330 kMalaysia . N
60%
309 kOman . I
59%
312 kPoland . O
59%
301 kItaly . E
58%
276 kEcuador . B..
57%
322 kCôte d'Ivoire . P
56%
272 kBurkina Faso . N..
55%
270 kNew Zealand . G
55%
267 kGabon . G
54%
242 kUnited Kingdom . U
54%
245 kGuinea . U..
53%
241 kUganda . G
53%
238 kRomania . L
53%
207 kBelarus . K
52%
238 kGhana . R
52%
236 kLaos . G
52%
199 kKyrgyzstan . S
51%
214 kGuyana . B
51%
196 kSenegal . S
49%
185 kSyria . C
49%
181 kCambodia . U
49%
181 kUruguay . S
49%
163 kSuriname . T
47%
163 kTunisia . B
46%
147 kBangladesh . N
45%
147 kNepal . T
45%
143 kTajikistan . G
44%
131 kGreece . N
44%
130 kNicaragua . N..
43%
120 kNorth Korea . M
43%
117 kEritrea . B
42%
118 kMalawi . E
42%
112 kBenin . H
41%
112 kHonduras . L
41%
111 kLiberia . B
40%
110 kBulgaria . C
40%
109 kCuba . G
39%
108 kGuatemala . I
39%
103 kIceland . S..
39%
100 kSouth Korea . H
39%
93 kHungary . P
38%
92 kPortugal . J
38%
89 kJordan . S
38%
88 kSerbia . A
37%
86 kAzerbaijan . A
36%
83 kAustria . U..
36%
83 kUnited Arab Emirates . C..
36%
78 kCzech Republic . P
36%
75 kPanama . S..
35%
70 kIreland . G
34%
71 kSierra Leone . I
34%
69 kGeorgia . S..
33%
65 kSri Lanka . L
33%
65 kLithuania . L
33%
64 kLatvia . T
33%
56 kTogo . C
32%
56 kCroatia . B..
32%
51 kBosnia and Herzegovina . C..
31%
51 kCosta Rica . S
31%
49 kSlovakia . D..
31%
43 kDenmark . N
31%
48 kDominican Republic . E
30%
45 kEstonia . D
30%
41 kNetherlands . S
30%
36 kTaiwan . G
29%
0.44Vatican City . ..
29%
41 kSwitzerland . B
29%
38 kBhutan . T
29%
36 kGuinea-Bissau . M
28%
33 kMoldova . B
27%
30 kBelgium . L
27%
30 kLesotho . A
27%
29 kArmenia . S..
27%
28 kSolomon Islands . A
26%
28 kAlbania . E..
26%
28 kEquatorial Guinea . B
25%
27 kBurundi . H
25%
27 kHaiti . R
25%
26 kRwanda . M
25%
25 kMacedonia . D
25%
2.02Monaco . V..
25%
18 kFiji . K
24%
22 kBelize . E..
24%
20 kSlovenia . F
24%
21 kEl Salvador . I
24%
23 kDjibouti . B
24%
20 kIsrael . S
24%
17 kSwaziland . E..
23%
17 kKuwait . S
23%
14 kEast Timor . B
22%
13 kBahamas . M
22%
13 kMontenegro . V
22%
12 kVanuatu . Q
22%
11 kQatar . G
22%
21Nauru . M
22%
11 kGambia . J
21%
10 kKosovo . L
21%
10 kJamaica . K
21%
10 kLebanon . C
20%
9,251Cyprus . B
20%
26Tuvalu . N
20%
61San Marino . T
20%
811Kiribati . B
19%
5,765Brunei . T..
19%
964São Tomé and Príncipe . K
19%
1,862Comoros . S..
19%
2,04Mauritius . C
19%
5,13Trinidad and Tobago . C..
19%
4,033Cape Verde . S
19%
2,842Samoa . L
19%
2,586Luxembourg . M
19%
160Liechtenstein . S..
18%
765Bahrain . D
18%
459Palau . S
18%
452Seychelles . A..
17%
468Andorra . P
17%
702Federated States of Micronesia . S..
17%
710Singapore . F..
17%
747Tonga . S
17%
751Dominica . T
17%
442Antigua and Barbuda . B
16%
389Saint Vincent and the Grenadines . G
16%
344Grenada . M
16%
316Malta . M
16%
300Maldives . S..
16%
261Saint Kitts and Nevis . M..
16%
181Marshall Islands . L
16%
616Saint Lucia . A
16%
430Barbados . S..
16%

Score Distribution

Percentile by Number Answered

Percent of People with Each Score

Your Score History

You have not taken this quiz